Normal view
MARC view
- Barghuoti, Shawki .
Entry Personal Name
001 - CONTROL NUMBER
- control field: 1578
003 - CONTROL NUMBER IDENTIFIER
- control field: OSt
005 - DATE AND TIME OF LATEST TRANSACTION
- control field: 20160930112157.0
008 - FIXED-LENGTH DATA ELEMENTS
- fixed length control field: 160930|| aca||aabn | a|a d
040 ## - CATALOGING SOURCE
- Original cataloging agency: OSt
- Transcribing agency: OSt
100 ## - HEADING--PERSONAL NAME
- Personal name: Barghuoti, Shawki .
670 ## - SOURCE DATA FOUND
- Source citation: Work cat.: (OSt)10294: Moigne, Guyle . 1577, Developing and Improving Irrigation and Drainage Systems: Selected Papers from World Bank Seminars / , 1992.
